Das Wirtschaftsstrafrecht in der Bundesrepublik Deutschland: Lösungen und Defizite

Guardado en:  
Detalles Bibliográficos
Autor principal: Bottke, Wilfried 1947-2010 (Autor)
Tipo de documento: Print Artículo
Lenguaje:Alemán
Publicado: 1991
En: Wirtschaft und Statistik
Año: 1991, Número: 1, Páginas: 1-10
Disponibilidad en Tübingen:Disponible en Tübingen.
IFK: 6191
Verificar disponibilidad: HBZ Gateway
Palabras clave:

MARC

LEADER 00000caa a22000002c 4500
001 1632327236
003 DE-627
005 20220607133042.0
007 tu
008 130701s1991 xx ||||| 00| ||ger c
035 |a (DE-627)1632327236 
035 |a (DE-576)384889646 
035 |a (DE-599)BSZ384889646 
040 |a DE-627  |b ger  |c DE-627  |e rakwb 
041 |a ger 
100 1 |a Bottke, Wilfried  |d 1947-2010  |0 (DE-588)108980677  |0 (DE-627)504904329  |0 (DE-576)160383862  |4 aut 
109 |a Bottke, Wilfried 1947-2010 
245 1 4 |a Das Wirtschaftsstrafrecht in der Bundesrepublik Deutschland  |b Lösungen und Defizite  |c Wilfried Bottke 
264 1 |c 1991 
336 |a Text  |b txt  |2 rdacontent 
337 |a ohne Hilfsmittel zu benutzen  |b n  |2 rdamedia 
338 |a Band  |b nc  |2 rdacarrier 
773 0 8 |i In  |t Wirtschaft und Statistik  |d Wiesbaden : Statistisches Bundesamt, 1921  |g (1991), 1, Seite 1-10  |w (DE-627)129510750  |w (DE-600)210134-8  |w (DE-576)014917947  |x 0043-6143  |7 nnas 
773 1 8 |g year:1991  |g number:1  |g pages:1-10 
951 |a AR 
ELC |b 1 
LOK |0 000 xxxxxcx a22 zn 4500 
LOK |0 001 3284272364 
LOK |0 003 DE-627 
LOK |0 004 1632327236 
LOK |0 005 20130701111959 
LOK |0 008 130701||||||||||||||||ger||||||| 
LOK |0 040   |a DE-21-110  |c DE-627  |d DE-21-110 
LOK |0 689   |a s  |a Wirtschaftsstrafrecht 
LOK |0 852   |a DE-21-110 
LOK |0 852 1  |c 6191  |m p  |9 00 
LOK |0 935   |a k110 
LOK |0 938   |k p 
LOK |0 939   |a 01-07-13  |b l01 
ORI |a SA-MARC-krimdoka001.raw 
SIG |a IFK: 6191